French to English Capital Names - Statistics

General Stats
  • This quiz has been taken 96 times
  • The average score is 12 of 15
Answer Stats
French English % Correct
Bruxelles Brussels
100%
La Havane Havana
97%
Pékin Beijing
87%
Le Caire Cairo
86%
Oulan-Bator Ulaanbaatar
84%
Beyrouth Beirut
82%
Port-d'Espagne Port-of-Spain
80%
Dacca Dhaka
78%
Saint-Domingue Santo Domingo
77%
Erevan Yerevan
74%
Saint-Marin San Marino
71%
Varsovie Warsaw
69%
Damas Damascus
67%
Djouba Juba
62%
Le Cap Cape Town
52%
No matching quizzes found
Score Distribution
Percent of People with Each Score
Percentile by Number Answered
Your Score History
You have not taken this quiz